000 01361nac a22002891u 4500
008 120401t xxu||||| |||| 00| 0 eng d
010 _a 2006295810
020 _a0471462616
020 _a9780471462613
024 3 _a9780471462613
035 _a(OCoLC)ocm62227939
082 0 4 _a006.3
_bTAN
100 _aTang, ZhaoHui.
_929516
245 1 0 _aData Mining with SQL Server 2005 /
_cZhaoHui Tang and Jamie MacLennan.
260 _aIndianapolis, IN :
_bWiley,
_c2005.
300 _axix, 460 p. :
_bill. ;
_c24 cm.
504 _aIncludes bibliographical references (p. 421) and index.
650 0 _aData mining.
_929517
653 _bCS
700 1 _aMacLennan, Jamie.
_929518
856 4 2 _3Publisher description
_uhttp://www.loc.gov/catdir/enhancements/fy0645/2006295810-d.html
856 4 2 _3Contributor biographical information
_uhttp://www.loc.gov/catdir/enhancements/fy0645/2006295810-b.html
856 4 2 _3Table of contents only
_uhttp://www.loc.gov/catdir/enhancements/fy0653/2006295810-t.html
942 _cBB
_k006.3 TAN
_2ddc
999 _c5131
_d5131